<?xml version="1.0" encoding="UTF-8"?><?xml-stylesheet type="text/xsl" href="static/style.xsl"?><OAI-PMH xmlns="http://www.openarchives.org/OAI/2.0/" xmlns:xsi="http://www.w3.org/2001/XMLSchema-instance" xsi:schemaLocation="http://www.openarchives.org/OAI/2.0/ http://www.openarchives.org/OAI/2.0/OAI-PMH.xsd"><responseDate>2026-04-27T21:26:28Z</responseDate><request verb="GetRecord" identifier="oai:uvadoc.uva.es:10324/77080" metadataPrefix="marc">https://uvadoc.uva.es/oai/request</request><GetRecord><record><header><identifier>oai:uvadoc.uva.es:10324/77080</identifier><datestamp>2025-09-03T09:32:18Z</datestamp><setSpec>com_10324_1138</setSpec><setSpec>com_10324_931</setSpec><setSpec>com_10324_894</setSpec><setSpec>col_10324_1226</setSpec></header><metadata><record xmlns="http://www.loc.gov/MARC21/slim" xmlns:doc="http://www.lyncode.com/xoai" xmlns:xsi="http://www.w3.org/2001/XMLSchema-instance" xmlns:dcterms="http://purl.org/dc/terms/" xsi:schemaLocation="http://www.loc.gov/MARC21/slim http://www.loc.gov/standards/marcxml/schema/MARC21slim.xsd">
<leader>00925njm 22002777a 4500</leader>
<datafield tag="042" ind1=" " ind2=" ">
<subfield code="a">dc</subfield>
</datafield>
<datafield tag="720" ind1=" " ind2=" ">
<subfield code="a">Lahuerta Martín, Silvia</subfield>
<subfield code="e">author</subfield>
</datafield>
<datafield tag="720" ind1=" " ind2=" ">
<subfield code="a">Robles Pérez, Román</subfield>
<subfield code="e">author</subfield>
</datafield>
<datafield tag="720" ind1=" " ind2=" ">
<subfield code="a">Hernando Garijo, Ignacio</subfield>
<subfield code="e">author</subfield>
</datafield>
<datafield tag="720" ind1=" " ind2=" ">
<subfield code="a">Jiménez del Barrio, Sandra</subfield>
<subfield code="e">author</subfield>
</datafield>
<datafield tag="720" ind1=" " ind2=" ">
<subfield code="a">Hernández Lazaro, Héctor</subfield>
<subfield code="e">author</subfield>
</datafield>
<datafield tag="720" ind1=" " ind2=" ">
<subfield code="a">Mingo Gómez, María Teresa</subfield>
<subfield code="e">author</subfield>
</datafield>
<datafield tag="720" ind1=" " ind2=" ">
<subfield code="a">Ceballos Laita, Luis</subfield>
<subfield code="e">author</subfield>
</datafield>
<datafield tag="260" ind1=" " ind2=" ">
<subfield code="c">2023</subfield>
</datafield>
<datafield tag="520" ind1=" " ind2=" ">
<subfield code="a">Background: Groin pain is a common pathology among athletes, presenting pain and a reduced range of motion&#xd;
(ROM) as clinical characteristics. Passive physical therapy (PPT) and exercise therapy (ET) interventions are chosen&#xd;
firstly before surgery. The aim of this systematic review and meta-analysis was: (i) to qualitative review the effects of&#xd;
each non-surgical intervention; (ii) to quantitative compare the effects of PPTs plus ET intervention to ET in isolation in&#xd;
pain intensity, and hip ROM in athletes with groin pain.&#xd;
Methods: A systematic review and meta-analysis was conducted. Pubmed, PEDro, Web of science, Scopus and&#xd;
Cochrane library were searched. Randomized controlled trials comparing PPT plus ET to ET interventions were&#xd;
included. The methodological quality and risk of bias of the included studies, were assessed with the PEDro scale and&#xd;
the Cochrane risk-of-bias tool. To assess the certainty of evidence the GRADEpro GDT was used. Meta-analyses were&#xd;
conducted using RevMan 5.4 using mean difference analysis to assess the variables pain intensity and hip ROM.&#xd;
Results: A total of 175 studies was identified from the consulted databases. Five studies were included for systematicreview,&#xd;
from which three studies were meta-analyzed. The methodological quality of the included studies ranged&#xd;
from poor to high. ET compared to PPT plus ET provided statistically significant improvements in pain intensity in the&#xd;
short-term (MD = 2.45; 95% CI 1.11, 3.79; I2 :65%). No statistically significant differences between interventions were&#xd;
obtained for hip ROM in the short-term.&#xd;
Conclusions: The qualitative review showed that PPTs plus ET and ET seem to have positive effects on pain intensity&#xd;
and hip ROM. The quantitative analysis found very low certainty of evidence proposing a positive effect in pain&#xd;
intensity for ET interventions based on hip muscles stretching, compared to PPT combined with ET, in the short-term.</subfield>
</datafield>
<datafield tag="024" ind2=" " ind1="8">
<subfield code="a">BMC Sports Science, Medicine and Rehabilitation, Julio 2023, vol. 15, n. 1, p. 81</subfield>
</datafield>
<datafield tag="024" ind2=" " ind1="8">
<subfield code="a">https://uvadoc.uva.es/handle/10324/77080</subfield>
</datafield>
<datafield tag="024" ind2=" " ind1="8">
<subfield code="a">10.1186/s13102-023-00684-6</subfield>
</datafield>
<datafield tag="024" ind2=" " ind1="8">
<subfield code="a">1</subfield>
</datafield>
<datafield tag="024" ind2=" " ind1="8">
<subfield code="a">BMC Sports Science, Medicine and Rehabilitation</subfield>
</datafield>
<datafield tag="024" ind2=" " ind1="8">
<subfield code="a">15</subfield>
</datafield>
<datafield tag="024" ind2=" " ind1="8">
<subfield code="a">2052-1847</subfield>
</datafield>
<datafield tag="245" ind1="0" ind2="0">
<subfield code="a">The effectiveness of non-surgical interventions in athletes with groin pain: a systematic review and meta-analysis</subfield>
</datafield>
</record></metadata></record></GetRecord></OAI-PMH>